• 首页
  • 本馆介绍
  • 公告通知
  • 最新文献
  • 馆藏检索
  • 电子资源
  • 读者导购
  • 参考咨询
  • 我的图书馆
  • 登录
  • 详细信息显示
  • 放入我的书架
  • 预约/预借图书
  • 作者相关作品
  • 分类相关作品
  • 丛书相关作品
  • 出版社相关作品

书目信息

  • 表格格式
  • 工作单格式
  • 卡片格式
题名:
育种探索
    
 
作者: ;上海市农科院作物所 编
分册:  
出版信息: 上海   上海科学技术出版社  1978
页数: 190页
开本: 19cm
丛书名: 新技术普及丛书
单 册:
中图分类: S33
科图分类:
主题词: 作物育种
电子资源:
ISBN:
000 00683nam2 2200253 45
001 0178000303
005 20060816102926.64
010    @dCNY0.44
091    @a16119.631
100    @a19950802d1978 em y0chiy0121 ea
101 0  @achi
102    @aCN@b310000
105    @ay z 000yy
200 10 @a育种探索@Ayu zhong tan suo@f上海市农科院作物所等编
210    @a上海@c上海科学技术出版社@d1978
215    @a190页@d19cm
225 2  @a新技术普及丛书
410  0 @120010@a新技术普及丛书
606    @a作物育种
610 0  @a育种
690    @aS33@v3
711 02 @a上海市农科院作物所@Ashang hai shi nong ke yuan zuo wu suo@4编
801  0 @aCN@bTSSF@c20060816
905    @a10447@dS33@e27
    
    育种探索/上海市农科院作物所等编.-上海:上海科学技术出版社,1978
    190页;19cm.-(新技术普及丛书)
    
    
    ISBN :CNY0.44
    
●
相关链接 在E读中查询图书 在五车中查询图书 在当当中查询图书 在豆瓣中查询图书


正题名:育种探索     索取号:S33/27         预约/预借

序号 登录号 条形码 馆藏地/架位号 状态 备注
1 0458655   204586554   密集书库/ [索取号:S33/27] 在馆    
唐山师范学院图书馆 欢迎您!
大连网信软件有限公司© 版权所有